000 00973cam a22002174a 4500
005 20250605164139.0
008 250528s ||||||||||||||||||||||||d
035 _a18899
020 _a582513006
040 _aGR-AtMCL
_bgre
_dGR-AtMCL
_eAACR2
245 1 _aNucleus: General Science / English for Science and Technology
250 _a1st
260 _bLongman,
_c1976
300 _a122
520 _aAn integrated series for students who need English language skills for specialist purposes. Properties and Shapes, Location, Structure, Revision, Measurement 1, Process 1: Function and Ability, Process 2: Actions in Sequence, Revision, Measurement 2: Quantity, Process 3: Cause and Effect, Measurement 3: Proportion, Revision, Measurement 4: Frequency and Tendency and Probability, Process 4: Method, Consolidation, Glossary.
700 1 _aBates Martin
_95181
700 1 _aDudley-Evans Tony
_95182
942 _cBK
999 _c4203
_d4203